1042 1236 1728 1735 1924 1244 1798 1029 1378 1058 1566 1448 1743 1163 1044 1371 1675 1250 1972 1112 1124 1518 1954 1472 1318 1155 1115 1051 1104 1368 1355 1235 1347 1431 1471 1214 1900 1517 1278 1185 1519 1481 1944 1493 1746 1197 1601 1130 1919 1267 1105 1986 1213 1860 1492 1089 1385 1646 1102 1377 2000 1950 1008 1549 1643 1317 1298 1754 1805 1003 1658 1308 1663 1372 1092 1613 1324 1693 1644 1260 1058 1034 1879 1869 1401 1982 1965 1101 1243 1391 1222 1427 1567 1880 1362 1497 1717 1778 1318 BCNSPRNW ULIB Ver.6.0+V

เปลี่ยนเป็นภาษาไทย

Change to English
 แสดงรายละเอียดบรรณานุกรม
  กลับหน้าหลัก

Brief Record : Get Marc (ISO 2709) : E-mail record : QR code < ปิดหน้าต่าง
สารบัญ Review โดย
เกษร โพธิ์สุวรรณ
ห้องสมุดวิทยาเขตสวรรค์ประชารักษ์
เกษร โพธิ์สุวรรณ เมื่อ5/พฤศจิกายน/2557
บทที่ 1 กายวิภาคของหูคอจมูก
บทที่ 2 การตรวจร่างกายทางหูคอจมูก
บทที่ 3 โสตสัมผัสวิทยาพื้นฐาน
บทที่ 4 ปัญหาการพูดและภาษา
บทที่ 5 ปวดหู คันหู
บทที่ 6 ภาวะของเหลวไหลจากหู
บทที่ 7 ยาหยอดหู
บทที่ 8 การสูญเสียการได้ยิน
บทที่ 9 เสียงรบกวนในหู
บทที่ 10 เวียนศีรษะ
บทที่ 11 อัมพาตของเส้นประสาทใบหน้า
บทที่ 12 คัดจมูก น้ำมูกไหล
บทที่ 13 เลือดกำเดา
บทที่ 14 ภาวะทางเดินหายใจส่วนบนอุดกั้น
บทที่ 15 นอนกรน
บทที่ 16 เสียงแหบ
บทที่ 17 เจ็บคอ
บทที่ 18 กลืนลำบาก
บทที่ 19 ก้อนที่คอ
บทที่ 20 สิ่งแปลกปลอมในหูคอจมูก
บทที่ 21 การบาดเจ็บทางหูคอจมูก
บทที่ 22 มะเร็งหูคอจมูก

LEADER : 00000nam 2200000uu 4500
001    13399123681
003     ULIB
008    141105s2554||||th 000 0 tha d
020    ^a9786162231001
060  0 ^aWV100^bธ632ต
100 0  ^aธีรพร รัตนาเอนกชัย
245 10 ^aตำรา หู คอ จมูก สำหรับนักศึกษาแพทย์และแพทย์เวชปฏิบัติทั่วไป /^cธีรพร รัตนาเอนกชัย
250    ^aพิมพ์ครั้งที่ 3
260    ^aขอนแก่น:^bคลังนานาวิทยา,^c2554
300    ^a410 หน้า :^bภาพประกอบ;ตาราง ;^c21 ซม.
650  7 ^aหู คอ จมูก-โรค-การรักษา
650  7 ^aหู-โรค-การรักษา
650  7 ^aคอ-โรค-การรักษา
650  7 ^aจมูก-โรค-การรักษา
700 0  ^aสุภาภรณ์ ศรีร่มโพธิ์ทอง
945    ^p300^l0^i036740
945    ^p300^l0^i036741
945    ^p300^l0^i036742
945    ^p300^l0^i036743
945    ^p300^l0^i036744
999    ^aเกษร โพธิ์สุวรรณ
รายการนี้ยังไม่มีแท็ก
คุณยังไม่ได้ล็อกอิน คุณสามารถมีกิจกรรมร่วมกับเว็บไซต์ได้ แต่ต้องล็อกอินก่อน ::
  ล็อกอิน

รายการสื่อสารสนเทศ

ลำดับที่ ประเภท เลขเรียก/บาร์โค้ด สถานที่ สถานะ
1. วิทยาศาสตร์การแพทย์ และสุขภาพ
หนังสือสำรอง
สถานะ=หนังสือสำรอง
WV100 ธ632ต ฉ.1 
  Barcode: 036740
ห้องสมุดวิทยาเขตสวรรค์ประชารักษ์
►ส่วนจัดเก็บหนังสือเก่า สปร
บนชั้น
  ขอยืม
2. วิทยาศาสตร์การแพทย์ และสุขภาพ
วิทยาศาสตร์การแพทย์ และสุขภาพ
WV100 ธ632ต ฉ.2 
  Barcode: 036741
ห้องสมุดวิทยาเขตสวรรค์ประชารักษ์
►ส่วนจัดเก็บหนังสือเก่า สปร
บนชั้น
  ขอยืม
3. วิทยาศาสตร์การแพทย์ และสุขภาพ
วิทยาศาสตร์การแพทย์ และสุขภาพ
WV100 ธ632ต ฉ.3 
  Barcode: 036742
ห้องสมุดวิทยาเขตสวรรค์ประชารักษ์
►ส่วนจัดเก็บหนังสือเก่า สปร
บนชั้น
  ขอยืม
4. วิทยาศาสตร์การแพทย์ และสุขภาพ
วิทยาศาสตร์การแพทย์ และสุขภาพ
WV100 ธ632ต ฉ.4 
  Barcode: 036743
ห้องสมุดวิทยาเขตสวรรค์ประชารักษ์
►ส่วนจัดเก็บหนังสือเก่า สปร
บนชั้น
  ขอยืม
5. วิทยาศาสตร์การแพทย์ และสุขภาพ
วิทยาศาสตร์การแพทย์ และสุขภาพ
WV100 ธ632ต ฉ.5 
  Barcode: 036744
ห้องสมุดวิทยาเขตสวรรค์ประชารักษ์
►ส่วนจัดเก็บหนังสือเก่า สปร
บนชั้น
  ขอยืม

รายการใกล้เคียง
    ผู้แต่ง [ธีรพร รัตนาเอนกชัย]

BibComment


ยังไม่เคยถูกคอมเมนท์

คอมเมนท์ทรัพยากรรายการนี้
  คอมเมนท์: ตำรา หู คอ จมูก ..


 Copyright 2026. Bcnsprnw @Library